000 00399 a2200169 4500
001 184779
020 _a85-15-00468-2
040 _cMagnum
100 _aAlves, Rubem
240 1 0 _aA toupeira que queria ver o cometa
_lpor
245 1 0 _aA toupeira que queria ver o cometa
300 _a
362 0 _a1991
440 1 _aEdições Loyola
697 _aLITERATURA INFANTO-JUVENIL
942 _cBK
999 _c184779
_d184779